000
00222nam a2200085Ia 4500
008
120527s9999 xx 000 0 und d
100
_a
Tagiun & Petrulus
245
_a
Person perception and interpersonal behavior
942
_c
BK
999
_c
27533
_d
27533